Top 50 Baby Girl Names Beginning with D - Statistics

General Stats
  • This quiz has been taken 329 times
  • The average score is 21 of 50
Answer Stats
Hint Answer % Correct
23 Dani
87%
14 Danielle
80%
2 Daisy
76%
4 Diana
76%
50 Donna
76%
35 Dalilah
72%
1 Delilah
72%
3 Daniela
70%
12 Daniella
70%
31 Dana
69%
15 Danna
69%
27 Deborah
69%
18 Dorothy
69%
44 Dina
61%
28 Della
59%
8 Destiny
58%
9 Dahlia
57%
32 Dalia
57%
43 Delia
55%
25 Denise
52%
24 Denisse
52%
13 Daphne
51%
45 Darla
47%
7 Demi
45%
39 Darcy
41%
16 Dylan
40%
38 Devyn
39%
41 Dara
37%
33 Desiree
37%
30 Drew
34%
6 Delaney
32%
5 Dakota
30%
21 Dallas
26%
20 Davina
26%
34 Dixie
25%
37 Danica
24%
11 Dream
22%
42 Diamond
19%
40 Dania
16%
26 Denver
13%
10 Daleyza
11%
17 Dior
10%
36 Dailyn
8%
19 Dayanna
8%
47 Daylin
8%
46 Diya
8%
22 Dulce
8%
48 Darianna
5%
49 Devorah
3%
29 Dalary
2%
No matching quizzes found
Score Distribution
Percent of People with Each Score
Percentile by Number Answered
Your Score History
You have not taken this quiz